[Event "Titled Tue 1st Jul Late"]
[Site "chess.com INT"]
[Date "2025.07.01"]
[Round "1"]
[White "Przybylski, Wojciech"]
[Black "Moussard, Jules"]
[Result "0-1"]
[WhiteTitle "FM"]
[BlackTitle "GM"]
[WhiteElo "2340"]
[BlackElo "2597"]
[WhiteFideId "1117599"]
[BlackFideId "642908"]
[EventDate "2025.07.01"]

1. d4 Nf6 2. g3 g6 3. Bg2 Bg7 4. e4 d6 5. h3 O-O 6. Ne2 e5 7. d5 a5 8. O-O Na6
9. Re1 Nc5 10. Nec3 a4 11. Be3 Bd7 12. Na3 Qe7 13. Qd2 Nh5 14. b4 axb3 15. axb3
f5 16. Nc4 Rxa1 17. Rxa1 Nxe4 18. Nxe4 fxe4 19. Ra7 Bc8 20. Na5 Qf6 21. Nxb7 Nf4
22. Bxe4 Nxh3+ 23. Kg2 Bf5 24. Bf3 h5 25. Bd1 g5 26. Ra4 g4 27. Na5 Bd7 28. Nc6
Bh6 29. Bxh6 Qxf2+ 30. Qxf2 Rxf2+ 31. Kh1 Rf1+ 32. Kg2 Rxd1 33. Ra8+ Kh7 34. Be3
Bf5 35. Ra4 Bxc2 36. Ne7 Kg7 37. Nc6 Bxb3 0-1

[Event "Titled Tue 1st Jul Late"]
[Site "chess.com INT"]
[Date "2025.07.01"]
[Round "1"]
[White "Rustamov, Rustam"]
[Black "Chakrabarti, Brejesh"]
[Result "1-0"]
[WhiteTitle "FM"]
[BlackTitle "FM"]
[WhiteElo "2334"]
[BlackElo "2282"]
[WhiteFideId "13440110"]
[BlackFideId "30969280"]
[EventDate "2025.07.01"]

1. e4 c5 2. Nf3 Nc6 3. d4 cxd4 4. Nxd4 g6 5. c4 Nf6 6. Nc3 d6 7. Be2 Nxd4 8.
Qxd4 Bg7 9. Be3 O-O 10. Qd3 Be6 11. O-O Qa5 12. b3 Rfc8 13. Bd4 a6 14. Nd5 Nxd5
15. exd5 Bf5 16. Qe3 Bxd4 17. Qxd4 b5 18. h4 bxc4 19. Bxc4 Qc5 20. Qxc5 Rxc5 21.
Rfe1 Kf8 22. Re3 a5 23. Rae1 Ra7 24. a4 h5 25. f3 Rac7 26. Kf2 Bc8 27. Kg3 Bb7
28. Rd1 Bc8 29. Kf4 Rb7 30. g4 Rb4 31. gxh5 gxh5 32. Kg5 f6+ 33. Kxh5 Kf7 34.
Re4 Bf5 35. Rf4 Bd7 36. Rg1 Rb8 37. Rg6 Rh8+ 38. Rh6 Rcc8 39. Bd3 Rxh6+ 40. Kxh6
Rh8+ 41. Bh7 f5 42. h5 Kf6 43. Rc4 Be8 44. Rc8 Kf7 45. f4 Kf6 46. Ra8 Kf7 47.
Rxa5 Kf6 48. Ra8 Kf7 49. Rb8 Kf6 50. a5 1-0

[Event "Titled Tue 1st Jul Late"]
[Site "chess.com INT"]
[Date "2025.07.01"]
[Round "1"]
[White "Vasenev, Sergey"]
[Black "Hauge, Lars Oskar"]
[Result "0-1"]
[WhiteTitle "FM"]
[BlackTitle "GM"]
[WhiteElo "2283"]
[BlackElo "2462"]
[WhiteFideId "4126858"]
[BlackFideId "1509276"]
[EventDate "2025.07.01"]

1. e4 c5 2. Nf3 d6 3. d4 cxd4 4. Nxd4 Nf6 5. Nc3 a6 6. h3 e5 7. Nde2 Be7 8. g4
Nc6 9. Bg2 Be6 10. Be3 O-O 11. g5 Nd7 12. h4 b5 13. Ng3 Nb6 14. b3 Rc8 15. Qd2
Nd4 16. Bxd4 exd4 17. Qxd4 d5 18. O-O dxe4 19. Nce2 Rxc2 20. Qxe4 Rd2 21. Nf4
Bc8 22. Rfe1 Bc5 23. Re2 Rd4 24. Qf3 Bd6 25. Nfh5 Bg4 26. Qe3 Bxg3 27. Nxg3 Bxe2
28. Qxe2 Rd2 29. Qf3 Nd7 30. Nf5 Nc5 31. Qg3 Ne6 32. Re1 Rd1 33. Rxd1 Qxd1+ 34.
Kh2 Qd8 35. f4 Qc7 36. Bd5 Qxf4 37. Ne7+ Kh8 0-1

[Event "Titled Tue 1st Jul Late"]
[Site "chess.com INT"]
[Date "2025.07.01"]
[Round "1"]
[White "Ozen, Deniz"]
[Black "Terletsky, Oleg"]
[Result "1/2-1/2"]
[WhiteTitle "IM"]
[BlackTitle "IM"]
[WhiteElo "2374"]
[BlackElo "2160"]
[WhiteFideId "6349196"]
[BlackFideId "14116774"]
[EventDate "2025.07.01"]

1. Nf3 Nf6 2. d4 g6 3. Nc3 d5 4. Bf4 Bg7 5. e3 O-O 6. h4 c5 7. Be2 cxd4 8. exd4
Nc6 9. O-O Ne4 10. Re1 Nxc3 11. bxc3 Bg4 12. Rb1 b6 13. Qd2 Rc8 14. Ba6 Bxf3 15.
Bxc8 Qxc8 16. gxf3 Qh3 17. Bg3 e6 18. Qf4 h5 19. Qc7 Na5 20. Qxa7 Nc4 21. Rbd1
Bh6 22. f4 Nd6 23. Qxb6 Nf5 24. Rd3 Qg4 25. Kf1 Bxf4 26. Bxf4 Qxf4 27. Ke2 Ra8
28. Qb1 Nxh4 29. Qc1 Qg4+ 30. Kf1 Rxa2 31. Qd2 Qg2+ 32. Ke2 Qg4+ 33. Kf1 Qg2+
34. Ke2 Qg4+ 35. Kf1 1/2-1/2

[Event "Titled Tue 1st Jul Late"]
[Site "chess.com INT"]
[Date "2025.07.01"]
[Round "1"]
[White "Risteski, Emil"]
[Black "Taranenko, Evgueniy"]
[Result "1-0"]
[WhiteTitle "IM"]
[WhiteElo "2374"]
[BlackElo "2201"]
[WhiteFideId "15005267"]
[BlackFideId "14122138"]
[EventDate "2025.07.01"]

1. e4 Nc6 2. Nc3 e6 3. d3 d5 4. Bd2 Nf6 5. g3 dxe4 6. Nxe4 Nxe4 7. dxe4 Bc5 8.
Bg2 e5 9. c3 a5 10. Nf3 Qd3 11. Qe2 Qxe2+ 12. Kxe2 Ke7 13. Rhd1 f6 14. Be3 Bxe3
15. Kxe3 Be6 16. Bf1 Rad8 17. Bb5 Na7 18. Ba4 Nc8 19. Bb3 Nb6 20. Bxe6 Kxe6 21.
b3 Rd6 22. Rxd6+ Kxd6 23. Nd2 Rd8 24. f4 Ke6 25. Rf1 a4 26. b4 h5 27. a3 Rh8 28.
fxe5 fxe5 29. c4 Nd7 30. Nf3 Rf8 31. Rd1 Ke7 32. c5 c6 33. Nh4 Rd8 34. Rd6 Kf7
35. Ng6 Ke8 36. h3 1-0

[Event "Titled Tue 1st Jul Late"]
[Site "chess.com INT"]
[Date "2025.07.01"]
[Round "1"]
[White "Carlsen, Magnus"]
[Black "Tang, Austin"]
[Result "1-0"]
[WhiteTitle "GM"]
[WhiteElo "2837"]
[BlackElo "1979"]
[WhiteFideId "1503014"]
[BlackFideId "30964580"]
[EventDate "2025.07.01"]

1. d4 Nf6 2. c3 g6 3. Bg5 Bg7 4. Nd2 d5 5. e3 O-O 6. Bd3 b6 7. f4 c5 8. Ngf3 Ba6
9. Bxa6 Nxa6 10. Ne5 Qd6 11. Qf3 Nd7 12. Qh3 Rad8 13. Bh4 f6 14. Nd3 Rde8 15. f5
e5 16. fxe6 Qxe6 17. Qxe6+ Rxe6 18. Bf2 g5 19. O-O-O c4 20. Ne1 g4 21. Nc2 Nc7
22. Bg3 Ne8 23. h3 h5 24. hxg4 hxg4 25. Rdf1 f5 26. Rh5 Bh6 27. Rfxf5 Rxf5 28.
Rxf5 Bxe3 29. Rxd5 Nef6 30. Nxe3 Rxe3 31. Rg5+ Kf7 32. Bh4 Re2 33. Nxc4 Rxg2 34.
Ne3 Rg1+ 35. Kc2 Rh1 36. Bg3 Rg1 37. Nxg4 Ne4 38. Nh6+ Kf6 39. Rf5+ Kg6 40. Bf4
Rg2+ 41. Kd3 Nf2+ 42. Kc4 Ng4 43. Rg5+ Kf6 44. Nxg4+ Rxg4 45. Rxg4 1-0

[Event "Titled Tue 1st Jul Late"]
[Site "chess.com INT"]
[Date "2025.07.01"]
[Round "1"]
[White "Guerrero Cataldo, Juan Andres"]
[Black "Mulawa, Cyprian"]
[Result "1/2-1/2"]
[WhiteTitle "CM"]
[BlackTitle "FM"]
[WhiteElo "2082"]
[BlackElo "2324"]
[WhiteFideId "3421260"]
[BlackFideId "21001855"]
[EventDate "2025.07.01"]

1. d4 Nf6 2. c4 e6 3. Nc3 d5 4. Nf3 dxc4 5. e4 Bb4 6. Bg5 h6 7. Bxf6 Qxf6 8.
Bxc4 c5 9. O-O cxd4 10. Nxd4 O-O 11. Ndb5 Nc6 12. a3 Rd8 13. Qe2 Bxc3 14. Nxc3
b6 15. Rfd1 Bb7 16. Rxd8+ Rxd8 17. Rd1 Nd4 18. Qe3 Qe5 19. f4 Qc5 20. Bf1 e5 21.
fxe5 Qxe5 22. Kh1 Rd6 23. h3 Nf5 24. Qe1 Ng3+ 25. Kg1 Rxd1 26. Nxd1 Nxe4 27. Qe3
Qd5 28. Nc3 Nxc3 29. Qxc3 g6 30. b4 h5 31. Qe3 Kg7 32. Qc3+ Kh7 33. Qf6 Qe6 34.
Qf4 Kg7 35. Qd4+ Qf6 36. Qd7 Qc6 37. Qd4+ Kg8 38. Qd8+ Kh7 39. Qe7 Kg7 40. Qe5+
Kf8 41. Qh8+ Ke7 42. Qe5+ Qe6 43. Qc7+ Qd7 44. Qe5+ Kd8 45. Qf6+ Qe7 46. Qd4+
Kc7 47. Qc3+ Kb8 48. Qh8+ Kc7 49. Qc3+ Kd8 50. Qh8+ Qe8 51. Qd4+ Kc7 52. Qc3+
Kb8 53. Qd4 Qe7 54. Qh8+ Kc7 55. Qc3+ 1/2-1/2

[Event "Titled Tue 1st Jul Late"]
[Site "chess.com INT"]
[Date "2025.07.01"]
[Round "1"]
[White "Aalto, Patrik"]
[Black "Hansen, Eric"]
[Result "1-0"]
[WhiteTitle "FM"]
[BlackTitle "GM"]
[WhiteElo "2316"]
[BlackElo "2609"]
[WhiteFideId "510726"]
[BlackFideId "2606771"]
[EventDate "2025.07.01"]

1. c4 e5 2. g3 Nf6 3. Bg2 Nc6 4. Nc3 Bb4 5. Nd5 Bc5 6. e3 O-O 7. Ne2 a6 8. O-O
d6 9. d4 Ba7 10. b3 Bg4 11. Nxf6+ Qxf6 12. d5 e4 13. Rb1 Ne5 14. Bxe4 Nf3+ 15.
Bxf3 Bxf3 16. Qc2 Rae8 17. Bb2 Qe5 18. Bxe5 Rxe5 19. Rbc1 g5 20. Nd4 Be4 21. Qd2
Rfe8 22. f3 Bg6 23. Rfe1 f5 24. Kg2 h6 25. Ne6 Re7 26. Qc3 Rf7 27. Re2 c6 28.
Rd1 Kh7 29. Qd2 cxd5 30. cxd5 Bh5 31. Qc3 f4 32. gxf4 gxf4 33. e4 b5 34. Kh1 b4
35. Qd3 Be3 36. Rxe3 fxe3 37. f4 Bf3+ 38. Kg1 Rxe4 39. Rf1 e2 40. Qxf3 e1=Q 41.
Rxe1 Rxe1+ 42. Kf2 Ra1 43. Qe4+ Kh8 44. Qd4+ 1-0

[Event "Titled Tue 1st Jul Late"]
[Site "chess.com INT"]
[Date "2025.07.01"]
[Round "1"]
[White "Mikhalsky, Vladimir"]
[Black "Grutter, Tim"]
[Result "1-0"]
[BlackTitle "IM"]
[WhiteElo "2219"]
[BlackElo "2404"]
[WhiteFideId "14144352"]
[BlackFideId "1057472"]
[EventDate "2025.07.01"]

1. d4 Nf6 2. c4 e6 3. g3 c5 4. d5 exd5 5. cxd5 d6 6. Bg2 g6 7. b3 Bg7 8. Bb2 O-O
9. Nf3 Qa5+ 10. Bc3 Qa6 11. O-O Re8 12. Nbd2 Nxd5 13. Bxg7 Kxg7 14. Nc4 Nc3 15.
Qxd6 Nxe2+ 16. Kh1 Be6 17. Qe5+ Kg8 18. Qxe2 Nc6 19. Rac1 Bg4 20. Qb2 Nb4 21.
Nfe5 Be6 22. a3 Nc6 23. Nxc6 bxc6 24. Rfe1 Rab8 25. Qc3 Bd5 26. Rxe8+ Rxe8 27.
Re1 Rd8 28. a4 Qb7 29. Qe3 Qd7 30. Kg1 Bxg2 31. Kxg2 Qd5+ 32. Qf3 Rb8 33. Na5
Rc8 34. Qxd5 cxd5 35. Rd1 d4 36. Nc4 Rb8 37. Rd3 Kf8 38. Kf3 Ke7 39. Ke4 Ke6 40.
f4 f5+ 41. Kf3 Kd5 42. Ke2 Re8+ 43. Kd2 h6 44. Ne5 g5 45. Nc4 gxf4 46. gxf4 Rg8
47. Rh3 Rg4 48. Rxh6 Rxf4 49. h4 Rf2+ 50. Kd1 Rh2 51. h5 f4 52. Nd2 Rh1+ 53. Kc2
Rh2 54. Rf6 Ke5 55. Rh6 f3 56. Kd3 f2 57. Nf1 Kf4 58. Ke2 Ke4 59. Nxh2 1-0

[Event "Titled Tue 1st Jul Late"]
[Site "chess.com INT"]
[Date "2025.07.01"]
[Round "1"]
[White "Lizak, Jakub"]
[Black "Tabatabaei, M. Amin"]
[Result "0-1"]
[WhiteTitle "CM"]
[BlackTitle "GM"]
[WhiteElo "2219"]
[BlackElo "2655"]
[WhiteFideId "1158520"]
[BlackFideId "12521213"]
[EventDate "2025.07.01"]

1. e4 d6 2. d4 Nf6 3. Nc3 g6 4. Bg5 Bg7 5. e5 Nfd7 6. f4 h6 7. Bh4 Nb6 8. Nf3
Bf5 9. Bd3 Bxd3 10. Qxd3 O-O 11. e6 Nc6 12. exf7+ Rxf7 13. Qxg6 Rxf4 14. O-O-O
Qe8 15. Qe6+ Qf7 16. Qxf7+ Rxf7 17. Nb5 Nd5 18. Rhe1 a6 19. Nc3 Nxc3 20. bxc3 e5
21. d5 Na5 22. Nd2 h5 23. Ne4 Nc4 24. Bg5 b5 25. Rf1 Raf8 26. Rxf7 Rxf7 27. h4
Kh7 28. Re1 Kg6 29. Kd1 Nb6 30. c4 Nxc4 31. Nc3 Rf2 32. Re2 Rf1+ 33. Re1 Rxe1+
34. Kxe1 Kf5 35. Ke2 e4 36. Nd1 Bd4 37. c3 Bb6 38. g3 a5 39. Bd8 a4 40. Nf2 Bxf2
41. Kxf2 Nb6 42. Bxc7 Nxd5 43. Bxd6 Nxc3 44. a3 Nd5 45. Bc5 Kg4 46. Bd6 Nb6 47.
Bc5 Nc4 48. Be7 e3+ 49. Kg2 Nb2 50. Bc5 e2 51. Bb4 Nd3 0-1

[Event "Titled Tue 1st Jul Late"]
[Site "chess.com INT"]
[Date "2025.07.01"]
[Round "1"]
[White "Lisenkov, Svyatoslav"]
[Black "Mai, Alexander Oliver"]
[Result "1-0"]
[WhiteTitle "CM"]
[BlackTitle "CM"]
[WhiteElo "2283"]
[BlackElo "2171"]
[WhiteFideId "34264183"]
[BlackFideId "2313391"]
[EventDate "2025.07.01"]

1. e4 c5 2. Nf3 d6 3. Be2 Nf6 4. Nc3 Nc6 5. O-O g6 6. d3 Bg7 7. h3 O-O 8. a4 a6
9. Bf4 Ne8 10. Qd2 Nc7 11. Bh6 Rb8 12. Bxg7 Kxg7 13. a5 b5 14. axb6 Rxb6 15. b3
e6 16. d4 cxd4 17. Nxd4 Bb7 18. Nxc6 Rxc6 19. Na2 Nb5 20. Bxb5 axb5 21. Nb4 Rc7
22. Rfd1 d5 23. Qe2 Qe7 24. Qxb5 dxe4 25. c4 Rfc8 26. Ra7 Ba8 27. Rxc7 Qxc7 28.
Na6 Qf4 29. Qb6 Rc6 30. Qa7 Rc8 31. Nb4 g5 32. Nc2 g4 33. hxg4 Qxg4 34. Qd4+ Kh6
35. Ne3 Qg5 36. Qd7 Rf8 37. b4 f5 38. Qxe6+ Rf6 39. Qc8 f4 40. Ng4+ Kg6 41. Qg8+
Kf5 42. Qxg5+ Kxg5 43. Nxf6 Kxf6 44. Rd8 1-0

[Event "Titled Tue 1st Jul Late"]
[Site "chess.com INT"]
[Date "2025.07.01"]
[Round "1"]
[White "Garcia Hernandez, Rebeca"]
[Black "Baturin-Vinogradov, Miroslav"]
[Result "0-1"]
[WhiteTitle "WCM"]
[BlackTitle "CM"]
[WhiteElo "1904"]
[BlackElo "2046"]
[WhiteFideId "5180872"]
[BlackFideId "55745741"]
[EventDate "2025.07.01"]

1. Nf3 d5 2. g3 c6 3. Bg2 Bg4 4. O-O Nd7 5. d4 Ngf6 6. Nbd2 e6 7. b3 Be7 8. Bb2
h6 9. c4 O-O 10. Rc1 a5 11. Re1 Bf5 12. Ne5 a4 13. e4 dxe4 14. Nxe4 Nxe4 15.
Bxe4 Bxe4 16. Rxe4 Nxe5 17. dxe5 axb3 18. axb3 Ra2 19. Bd4 Qa5 20. Ra1 Rd8 21.
Rxa2 Qxa2 22. Qf3 b5 23. cxb5 cxb5 24. Kg2 Rc8 25. Re3 Rc2 26. Rc3 b4 27. Rxc2
Qxc2 28. Qe3 Bg5 29. Qf3 Bd2 30. h4 Bc3 31. Qa8+ Kh7 32. Bxc3 bxc3 33. Qb7 Qf5
34. b4 c2 35. Qc6 Qd3 0-1

[Event "Titled Tue 1st Jul Late"]
[Site "chess.com INT"]
[Date "2025.07.01"]
[Round "1"]
[White "Schmakel, Sam"]
[Black "Tang, Zoey"]
[Result "0-1"]
[WhiteTitle "IM"]
[BlackTitle "FM"]
[WhiteElo "2456"]
[BlackElo "2356"]
[WhiteFideId "2039311"]
[BlackFideId "30952530"]
[EventDate "2025.07.01"]

1. d4 Nf6 2. Bg5 d5 3. Nd2 c5 4. e3 cxd4 5. exd4 Nc6 6. c3 e6 7. Ngf3 Be7 8. Bd3
h6 9. Bh4 O-O 10. O-O Rb8 11. Bg3 Bd6 12. Bxd6 Qxd6 13. a4 b6 14. Qe2 Nd7 15.
Rfe1 Bb7 16. b4 Rbc8 17. Qe3 Ne7 18. Rec1 Nf5 19. Bxf5 exf5 20. Qd3 Qf6 21. a5
Rfe8 22. axb6 axb6 23. Ra7 Rb8 24. g3 f4 25. Kg2 Nf8 26. Ne5 Bc8 27. Rxf7 Qg5
28. Rxf4 Ne6 29. Rf5 Nc5 30. bxc5 Bxf5 31. Qe2 bxc5 32. h4 Qf6 33. Qf3 cxd4 34.
cxd4 Rb2 35. Qc3 Rbb8 36. Ra1 Rbc8 37. Qf3 Be6 38. Qe3 Rf8 39. Ra7 Qf5 40. Nef3
Rce8 0-1

[Event "Titled Tue 1st Jul Late"]
[Site "chess.com INT"]
[Date "2025.07.01"]
[Round "1"]
[White "Hariharan, Shambavi"]
[Black "Zieba, Hubert"]
[Result "0-1"]
[WhiteTitle "WCM"]
[BlackTitle "CM"]
[WhiteElo "1936"]
[BlackElo "2233"]
[WhiteFideId "488160"]
[BlackFideId "21844704"]
[EventDate "2025.07.01"]

1. d4 d5 2. c4 dxc4 3. Nf3 Nf6 4. g3 Nc6 5. Bg2 e5 6. e3 exd4 7. exd4 Bb4+ 8.
Bd2 O-O 9. O-O Bg4 10. Bxb4 Nxb4 11. Nbd2 c6 12. Nxc4 Qc7 13. a3 Nbd5 14. Nce5
Bxf3 15. Bxf3 Rad8 16. Qd2 Ne7 17. Rad1 Nf5 18. Qf4 Qc8 19. Bg2 Nd5 20. Qg4 Nfe7
21. Qh4 Ng6 22. Qh5 Rfe8 23. Bh3 Qc7 24. Rfe1 Re7 25. Bg2 Rde8 26. Bxd5 cxd5 27.
Nf3 Rxe1+ 28. Rxe1 Rxe1+ 29. Nxe1 Qc1 30. Qe2 h6 31. Kg2 Nf8 32. Nd3 Qc4 33. Qe3
Ne6 34. Nf4 Nxf4+ 35. Qxf4 Qd3 36. Qe5 Qc2 37. Qe8+ Kh7 38. Qxf7 Qe4+ 39. Kg1
Qxd4 40. Qf5+ Kg8 41. Qc8+ Kh7 42. Qf5+ Kg8 43. Qc8+ Kf7 44. Qxb7+ Kf6 45. Qc6+
Ke5 46. Qc7+ Ke4 47. Qe7+ Kd3 48. Qe1 Kc2 49. Qe2+ Qd2 50. Qb5 d4 51. Qc4+ Kb1
52. b4 Qc1+ 0-1

[Event "Titled Tue 1st Jul Late"]
[Site "chess.com INT"]
[Date "2025.07.01"]
[Round "1"]
[White "Ternault, Mathieu"]
[Black "Gholami Orimi, Mahdi"]
[Result "0-1"]
[WhiteTitle "FM"]
[BlackTitle "GM"]
[WhiteElo "2275"]
[BlackElo "2511"]
[WhiteFideId "20641532"]
[BlackFideId "12558486"]
[EventDate "2025.07.01"]

1. d4 Nf6 2. c4 b6 3. Nf3 Bb7 4. Nc3 e6 5. Bg5 h6 6. Bxf6 Qxf6 7. Rc1 Bb4 8. a3
Bxc3+ 9. Rxc3 O-O 10. g3 Nc6 11. Rg1 e5 12. d5 Nd4 13. Bg2 c5 14. e3 Nf5 15. Nd2
Nd6 16. Ne4 Nxe4 17. Bxe4 d6 18. h4 Bc8 19. Qh5 Rb8 20. g4 g6 21. Qxh6 Qg7 22.
Qg5 b5 23. h5 f6 24. Qxg6 Qxg6 25. Bxg6 bxc4 26. Rc2 c3 27. Rxc3 Rxb2 28. Kf1
Kg7 29. Be4 Kh6 30. Bf3 Rg8 31. Kg2 Bxg4 32. Kh2 Rxf2+ 33. Rg2 Rxf3 34. Rc4 f5
35. e4 f4 36. Ra4 Rh3+ 37. Kg1 f3 38. Rh2 Bd7+ 0-1

[Event "Titled Tue 1st Jul Late"]
[Site "chess.com INT"]
[Date "2025.07.01"]
[Round "1"]
[White "Ambartsumian, Tyhran"]
[Black "Jing, Andrew"]
[Result "1-0"]
[WhiteTitle "CM"]
[BlackTitle "FM"]
[WhiteElo "2244"]
[BlackElo "2292"]
[WhiteFideId "34161112"]
[BlackFideId "30984076"]
[EventDate "2025.07.01"]

1. e4 e5 2. Nf3 Nc6 3. Bb5 g6 4. O-O Bg7 5. c3 a6 6. Ba4 b5 7. Bc2 d6 8. d4 exd4
9. cxd4 Bg4 10. Be3 Nge7 11. Nc3 O-O 12. d5 Ne5 13. Bf4 Nc4 14. Rb1 Nxb2 15.
Rxb2 Bxc3 16. Rb3 Bg7 17. h3 Bd7 18. Re1 Re8 19. Rbe3 h6 20. Qd2 Kh7 21. e5 dxe5
22. Nxe5 Nf5 23. Bxf5 Bxf5 24. Nxf7 Qd7 25. Nxh6 Rxe3 26. Rxe3 Rd8 27. Nxf5 Qxf5
28. Re7 Rxd5 29. Qe3 Rd7 30. Bxc7 Rxe7 31. Qxe7 Qd5 32. a3 Qd1+ 33. Kh2 Qd4 34.
Bg3 Kg8 35. Qe6+ Kh7 36. Qxa6 Qc4 37. Qb6 Bd4 38. Qb7+ Kg8 39. Qd7 Qc5 40. Qe6+
Kg7 41. Bd6 Qc4 42. Qe7+ Kg8 43. Qe8+ Kh7 44. Qd7+ Kg8 45. f3 Qd5 46. Qe8+ Kh7
47. Qe7+ Kg8 48. Bf4 Bc5 49. Qe8+ Kg7 50. Be5+ Kh6 51. Qh8+ Kg5 52. h4+ Kf5 53.
Qf6# 1-0

[Event "Titled Tue 1st Jul Late"]
[Site "chess.com INT"]
[Date "2025.07.01"]
[Round "1"]
[White "Girya, Olga"]
[Black "Caruana, Fabiano"]
[Result "0-1"]
[WhiteTitle "GM"]
[BlackTitle "GM"]
[WhiteElo "2393"]
[BlackElo "2777"]
[WhiteFideId "4195752"]
[BlackFideId "2020009"]
[EventDate "2025.07.01"]

1. d4 d5 2. c4 c6 3. Nf3 Nf6 4. Qb3 e6 5. g3 Nbd7 6. Bg2 b6 7. O-O Bd6 8. Nc3
Ba6 9. cxd5 cxd5 10. Nb5 Bxb5 11. Qxb5 O-O 12. Bd2 Ne4 13. Rfc1 a6 14. Qd3 b5
15. Be1 Qb6 16. Nd2 f5 17. Nb3 a5 18. f3 a4 19. Na5 Ne5 20. Qd1 Nf6 21. b3 a3
22. Kh1 Rxa5 23. Bxa5 Qxa5 24. dxe5 Bxe5 25. Rab1 Qb6 26. Qc2 Bb2 27. Qc6 Qe3
28. Rc2 b4 29. Rd1 Re8 30. Qc5 Qxc5 31. Rxc5 h5 32. Rc7 Bc3 33. Rd3 Kh7 34. Bh3
d4 35. e3 Nd5 36. Rd7 dxe3 0-1

[Event "Titled Tue 1st Jul Late"]
[Site "chess.com INT"]
[Date "2025.07.01"]
[Round "1"]
[White "Li, Yilin"]
[Black "Volodin, Alexandr E."]
[Result "0-1"]
[WhiteTitle "WFM"]
[BlackTitle "FM"]
[WhiteElo "1922"]
[BlackElo "2344"]
[WhiteFideId "8610410"]
[BlackFideId "34268871"]
[EventDate "2025.07.01"]

1. e4 h5 2. d4 c6 3. c4 d5 4. e5 Bf5 5. Nc3 e6 6. Bd3 Ne7 7. Bg5 Qb6 8. Bxe7
Bxe7 9. Nge2 Bxd3 10. Qxd3 Nd7 11. cxd5 cxd5 12. O-O g6 13. b3 Kf8 14. Kh1 Kg7
15. f4 h4 16. Qf3 Rac8 17. Qg4 Rxc3 18. Nxc3 Qxd4 19. Ne2 Nxe5 20. Qxg6+ Nxg6
21. Nxd4 Bf6 22. Rad1 Rc8 23. Nf3 Rc2 24. Rd2 Rc3 25. f5 Ne7 26. fxe6 fxe6 27.
Nd4 Bxd4 28. Rxd4 Nf5 29. Rdf4 Kg6 30. Kg1 Rc2 31. Rg4+ Kf6 32. Rgf4 Rxa2 33.
Rxh4 Rb2 34. Rh6+ Ke5 35. Rh3 Kd6 36. Rd3 a5 37. Re1 d4 38. g4 Nh4 39. Rxd4+ Kc5
40. Rd3 b5 41. Rxe6 a4 42. Re5+ Kb4 43. Re4+ Ka5 44. bxa4 bxa4 45. Rd5+ Kb6 46.
Rxa4 Nf3+ 47. Kh1 Rxh2# 0-1

[Event "Titled Tue 1st Jul Late"]
[Site "chess.com INT"]
[Date "2025.07.01"]
[Round "1"]
[White "Soza de la Carrera, Jose"]
[Black "Arakelyan, Manvel"]
[Result "0-1"]
[WhiteTitle "CM"]
[BlackTitle "FM"]
[WhiteElo "2221"]
[BlackElo "2326"]
[WhiteFideId "3401278"]
[BlackFideId "13317415"]
[EventDate "2025.07.01"]

1. d4 e6 2. c4 b6 3. Nf3 Bb7 4. a3 f5 5. Nc3 Nf6 6. Bg5 Be7 7. Bxf6 Bxf6 8. e3
O-O 9. Bd3 a5 10. O-O Qe8 11. e4 fxe4 12. Nxe4 Nc6 13. Bc2 Qh5 14. Qd3 Ne7 15.
Ng3 Qh6 16. Ne5 Bxe5 17. dxe5 Bc6 18. b4 Ng6 19. Rae1 Bxg2 20. Qxd7 Nf4 21. Be4
Qh3 22. Qc6 Bxe4 23. Qxe4 axb4 24. axb4 Rad8 25. Re3 Rd4 26. Qf3 Qh4 27. Qc6
Nh3+ 28. Kg2 Nf4+ 29. Kg1 Rxc4 30. Qb7 Rc2 31. Kh1 Nh3 32. f3 Nf4 33. Ne2 Nxe2
34. Qe4 Ng3+ 0-1

[Event "Titled Tue 1st Jul Late"]
[Site "chess.com INT"]
[Date "2025.07.01"]
[Round "1"]
[White "Rodriguez, Santiago"]
[Black "Moroni, Luca Jr"]
[Result "0-1"]
[WhiteTitle "CM"]
[BlackTitle "GM"]
[WhiteElo "2252"]
[BlackElo "2549"]
[WhiteFideId "3000591"]
[BlackFideId "865834"]
[EventDate "2025.07.01"]

1. d4 g6 2. e4 Bg7 3. Nc3 d6 4. Be3 Nf6 5. h4 a6 6. f3 b5 7. Qd2 Nbd7 8. Nh3 h5
9. Ng5 e6 10. O-O-O Nb6 11. e5 Nfd5 12. Nxd5 Nxd5 13. f4 Bb7 14. Rg1 Qe7 15. g3
O-O-O 16. Bf2 dxe5 17. fxe5 Bh6 18. Kb1 Rd7 19. Bg2 Bxg5 20. hxg5 Nb6 21. Bf1
Rhd8 22. Qa5 Qxg5 23. b3 Qf5 24. Be3 Qf3 25. Rd3 Qf5 26. a4 bxa4 27. Rc3 Kb8 28.
bxa4 Rd5 29. Qb4 a5 30. Qe7 R5d7 31. Qa3 Nd5 32. Rb3 Nxe3 33. Ba6 Qxc2+ 34. Ka1
c5 35. Bxb7 Rxb7 36. Rgb1 Qxb3 37. Rxb3 Nc2+ 38. Ka2 Nxa3 39. Rxb7+ Kxb7 0-1

[Event "Titled Tue 1st Jul Late"]
[Site "chess.com INT"]
[Date "2025.07.01"]
[Round "1"]
[White "Rajaram, Rohan"]
[Black "Guliev, Gasan"]
[Result "1-0"]
[WhiteTitle "CM"]
[BlackTitle "CM"]
[WhiteElo "2164"]
[BlackElo "2123"]
[WhiteFideId "30940729"]
[BlackFideId "34165638"]
[EventDate "2025.07.01"]

1. Nf3 Nf6 2. g3 e6 3. Bg2 d5 4. O-O Be7 5. c4 O-O 6. b3 a5 7. e3 a4 8. Bb2 axb3
9. axb3 Rxa1 10. Bxa1 c5 11. d3 Nc6 12. Nc3 b6 13. h3 Bb7 14. Qe2 h6 15. Nb5 Qd7
16. Bb2 Ra8 17. Rd1 Ra2 18. Nc3 Ra8 19. d4 cxd4 20. exd4 Ba3 21. Bxa3 Rxa3 22.
Ne5 Qd6 23. Nb5 Qb4 24. Nxc6 Bxc6 25. Nxa3 Qxa3 26. cxd5 Bxd5 27. Bxd5 Nxd5 28.
Qc2 g6 29. Rb1 Qb4 30. Qc4 Qd2 31. Qc1 Qxd4 32. Qxh6 Nc3 33. Re1 Ne2+ 34. Kg2
Qd5+ 35. f3 Nd4 36. Qf4 Nxb3 37. Qe5 Qd3 38. Qe2 Qd5 39. Rd1 Qc5 40. Qb2 Na5 41.
Rd8+ Qf8 42. Rxf8+ Kxf8 43. Qxb6 Nc4 44. Qc5+ 1-0

[Event "Titled Tue 1st Jul Late"]
[Site "chess.com INT"]
[Date "2025.07.01"]
[Round "1"]
[White "Holinka, Henning"]
[Black "Kjaergaard-Jensen, Jesper"]
[Result "1-0"]
[WhiteTitle "FM"]
[BlackTitle "CM"]
[WhiteElo "2303"]
[BlackElo "2081"]
[WhiteFideId "12967084"]
[BlackFideId "1406990"]
[EventDate "2025.07.01"]

1. Nf3 Nf6 2. g3 d5 3. Bg2 c6 4. O-O Bg4 5. h3 Bf5 6. d3 Qc8 7. Kh2 h5 8. c4
dxc4 9. e4 Bh7 10. e5 Ng4+ 11. hxg4 hxg4 12. Nh4 Bxd3 13. Re1 Qf5 14. Kg1 Rxh4
15. gxh4 Bxb1 16. e6 Bd3 17. exf7+ Kxf7 18. b3 c3 19. Ba3 g6 20. Rc1 c2 21. Qd2
Na6 22. Re3 Rd8 23. Rce1 e6 24. Bxf8 Kxf8 25. Be4 Qf4 26. Bxd3 Rxd3 27. Qxd3 Nc5
28. Qc3 g3 29. Rxg3 Ne4 30. Qb4+ Kf7 31. Rg2 c1=Q 32. Rxc1 Qxc1+ 33. Kh2 Qf4+
34. Kh1 Nf6 35. Qxf4 e5 36. Qxe5 Nd5 37. Qd6 Ne7 38. Rg3 Nf5 39. Rf3 Kg7 40.
Rxf5 1-0